The politics of chaos in the Middle East / (Record no. 15116)

000 -LEADER
fixed length control field 01995cam a2200445 a 4500
001 - CONTROL NUMBER
control field 15055684
005 - DATE AND TIME OF LATEST TRANSACTION
control field 20170105102911.0
008 - FIXED-LENGTH DATA ELEMENTS--GENERAL INFORMATION
fixed length control field 071023s2008 nyu b 001 0 eng
010 ## - LIBRARY OF CONGRESS CONTROL NUMBER
LC control number 2007044187
020 ## - INTERNATIONAL STANDARD BOOK NUMBER
International Standard Book Number 9780231700320 (cloth : alk. paper)
020 ## - INTERNATIONAL STANDARD BOOK NUMBER
International Standard Book Number 0231700326 (cloth : alk. paper)
035 ## - SYSTEM CONTROL NUMBER
System control number (OCoLC)ocn176861848
035 ## - SYSTEM CONTROL NUMBER
System control number (OCoLC)176861848
040 ## - CATALOGING SOURCE
Original cataloging agency DLC
Transcribing agency DLC
Modifying agency DLC
041 1# - LANGUAGE CODE
Language code of text/sound track or separate title eng
Language code of original fre
043 ## - GEOGRAPHIC AREA CODE
Geographic area code aw-----
-- n-us---
050 00 - LIBRARY OF CONGRESS CALL NUMBER
Classification number DS63.1
Item number .R6913 2008
082 00 - DEWEY DECIMAL CLASSIFICATION NUMBER
Classification number 956.05/4
Edition number 22
084 ## - OTHER CLASSIFICATION NUMBER
Classification number 89.75
Number source bcl
100 1# - MAIN ENTRY--PERSONAL NAME
Personal name Roy, Olivier,
Dates associated with a name 1949-
240 10 - UNIFORM TITLE
Uniform title Croissant et le chaos.
Language of a work English
245 14 - TITLE STATEMENT
Title The politics of chaos in the Middle East /
Statement of responsibility, etc. Olivier Roy ; translated from the French by Ros Schwartz.
260 ## - PUBLICATION, DISTRIBUTION, ETC.
Place of publication, distribution, etc. New York :
Name of publisher, distributor, etc. Columbia University Press :
-- In association with the Centre d'études et de recherches internationales, Paris,
Date of publication, distribution, etc. c2008.
300 ## - PHYSICAL DESCRIPTION
Extent 167 p. ;
Dimensions 23 cm.
440 #4 - SERIES STATEMENT/ADDED ENTRY--TITLE
Title The CERI series in comparative politics and international studies
504 ## - BIBLIOGRAPHY, ETC. NOTE
Bibliography, etc. note Includes bibliographical references and index.
505 0# - FORMATTED CONTENTS NOTE
Formatted contents note Who is the enemy? where is the enemy? -- The Middle East : fragmentation of conflicts and new fault lines -- Iran poised between the nuclear bomb and bombardment -- In the meantime, al-Qaeda--.
650 #0 - SUBJECT ADDED ENTRY--TOPICAL TERM
Topical term or geographic name entry element Islam and politics
Geographic subdivision Middle East.
650 #0 - SUBJECT ADDED ENTRY--TOPICAL TERM
Topical term or geographic name entry element War on Terrorism, 2001-2009.
650 #0 - SUBJECT ADDED ENTRY--TOPICAL TERM
Topical term or geographic name entry element Iraq War, 2003-2011.
650 #0 - SUBJECT ADDED ENTRY--TOPICAL TERM
Topical term or geographic name entry element World politics.
651 #0 - SUBJECT ADDED ENTRY--GEOGRAPHIC NAME
Geographic name Middle East
General subdivision Politics and government
Chronological subdivision 21st century.
651 #0 - SUBJECT ADDED ENTRY--GEOGRAPHIC NAME
Geographic name United States
General subdivision Politics and government
Chronological subdivision 2001-2009.
651 #0 - SUBJECT ADDED ENTRY--GEOGRAPHIC NAME
Geographic name Middle East
General subdivision Foreign relations
Geographic subdivision United States.
651 #0 - SUBJECT ADDED ENTRY--GEOGRAPHIC NAME
Geographic name United States
General subdivision Foreign relations
Geographic subdivision Middle East.
856 41 - ELECTRONIC LOCATION AND ACCESS
Materials specified Table of contents only
Uniform Resource Identifier <a href="http://www.loc.gov/catdir/toc/ecip083/2007044187.html">http://www.loc.gov/catdir/toc/ecip083/2007044187.html</a>
906 ## - LOCAL DATA ELEMENT F, LDF (RLIN)
a 7
b cbc
c orignew
d 1
e ecip
f 20
g y-gencatlg
942 ## - ADDED ENTRY ELEMENTS (KOHA)
Source of classification or shelving scheme
Koha item type Book
Holdings
Withdrawn status Lost status Damaged status Not for loan Collection code Permanent Location Current Location Shelving location Date acquired Total Checkouts Full call number Barcode Date last seen Price effective from Koha item type
          Centre for International Peace & Stability (CIPS) Centre for International Peace & Stability (CIPS) General Stacks 10/02/2013   956.054 ROY 2007 CIPS0002183 11/01/2013 11/01/2013 Book
© 2023 Central Library, National University of Sciences and Technology. All Rights Reserved.